00411nam a2200145Ia 4500008004100000041000900041082001700050100002000067245001900087260003200106300000800138650000800146999001700154952009400171230718s9999 xx 000 0 und d aEng. a343.1bKAK-C aKakde D Vimayak 0aCriminal Prids aPakistanbLexis Nexisc2016 a316 aLaw c31363d31363 00104070aSIRC-LbSIRC-Ld2023-07-18l0o343.1 KAK-Cp26314r2023-07-18w2023-07-18yBK